Essays on modernism, democracy and well-being (Record no. 586646)

MARC details
000 -LEADER
fixed length control field 00811nam a2200253Ia 4500
003 - CONTROL NUMBER IDENTIFIER
control field OSt
005 - DATE AND TIME OF LATEST TRANSACTION
control field 20220925230812.0
008 - FIXED-LENGTH DATA ELEMENTS--GENERAL INFORMATION
fixed length control field 220923b |||||||| |||| 00| 0 eng d
020 ## - INTERNATIONAL STANDARD BOOK NUMBER
International Standard Book Number 9789351508113
037 ## - SOURCE OF ACQUISITION
Terms of availability General Book
040 ## - CATALOGING SOURCE
Original cataloging agency RTL
Transcribing agency RTL
Language of cataloging eng
041 ## - LANGUAGE CODE
Source of code eng
Language code of text/sound track or separate title eng
100 ## - MAIN ENTRY--PERSONAL NAME
Personal name ROY Ramashray
9 (RLIN) 24267
245 #0 - TITLE STATEMENT
Title Essays on modernism, democracy and well-being
Remainder of title A Gandhian perspective
260 ## - PUBLICATION, DISTRIBUTION, ETC.
Place of publication, distribution, etc. Los
Name of publisher, distributor, etc. Angeles Sage
Date of publication, distribution, etc. 2016
300 ## - PHYSICAL DESCRIPTION
Extent x,312p
Dimensions cm.
650 ## - SUBJECT ADDED ENTRY--TOPICAL TERM
Topical term or geographic name entry element Sociology
700 ## - ADDED ENTRY--PERSONAL NAME
Personal name RANJAN Ravi
9 (RLIN) 292364
942 ## - ADDED ENTRY ELEMENTS (KOHA)
Classification part Y9(W6), Q6
Koha item type General Books
Source of classification or shelving scheme Colon Classification (CC)
Holdings
Withdrawn status Lost status Damaged status Not for loan Home library Current library Date acquired Source of acquisition Cost, normal purchase price Total Checkouts Full call number Barcode Date last seen Cost, replacement price Price effective from Koha item type
        Ratan Tata Library Ratan Tata Library 2022-09-25 232, 09/03/2017, CLASSIC BOOKS SERVICES 1195.00   Y9(W6) Q6 RT1462725 2022-09-25 1195.00 2022-09-25 General Books
Copyright @ Delhi University Library System